000
00252 a2200097 4500
001
28092
100
_a
Shewmon, P G
245
_a
Dictionary of Tech terms physics, maths astronomy (Eng-Urdu)
260
_a
_b
Uni of Karachi
_c
1969
090
_c
18789
_d
18789
942
_a
NUST-CAE
_c
M
_c
9767
999
_c
263165
_d
263165